000 01282naa a22003377a 4500
001 BR9401448
003 BR-BrBNA
005 20250721155453.0
007 ta
008 250630b bl.|||m| |||| 00| 0 por d
040 _aBR-BrBNA
_bpor
_cBiblioteca Nacional de Agricultura
041 _a(Pt)
072 _aF04
_b0150
_b3830
_b3840
090 _aF04 BR9401448
100 1 _aMelo, F. de B.
100 1 _aCardoso, M.J.
100 1 _aItaliano, E.C.
100 1 _aRibeiro, V.Q.
111 1 _a6. Seminario de Pesquisa Agropecuaria do Piaui
_cTeresina, PI (Brazil)
_d09-11 Oct 1990
245 1 _aResposta do arroz de sequeiro a aplicacao de fosforo, zinco e calcario em solo de cerrado
500 _a6. Seminario de Pesquisa Agropecuaria do Piaui. Anais Teresina, PI (Brasil): 1992. p. 150-158 [12 ref.; Summary (Pt)] (BR9401448-AMS)
773 0 _t6. Seminario de Pesquisa Agropecuaria do Piaui. Anais
_wF04 BR9401448
_gTeresina, PI (Brasil), 1992. p. 150-158
650 _aArroz Sequeiro
650 _aFertilizante Fosfatado
650 _aZinco
650 _aCalcario
650 _aRendimento
490 _aDocumentos - Unidade de Execucao de Pesquisa de Ambito Estadual de Teresina (Brazil)
_vno. 11
942 _cAMS
_2AGRIS
909 _a202506
_bLúcia
_c55
_dLúcia Elande
999 _c336680
_d336680